<?xml version="1.0" encoding="UTF-8"?>
<record
    xmlns:xsi="http://www.w3.org/2001/XMLSchema-instance"
    xsi:schemaLocation="http://www.loc.gov/MARC21/slim http://www.loc.gov/standards/marcxml/schema/MARC21slim.xsd"
    xmlns="http://www.loc.gov/MARC21/slim">

  <leader>00967nam a2200181Ia 4500</leader>
  <controlfield tag="001">6565</controlfield>
  <controlfield tag="008">260622s9999    xx            000 0 und d</controlfield>
  <datafield tag="245" ind1=" " ind2="0">
    <subfield code="a">&#x645;&#x639;&#x627;&#x628;&#x62F; &#x639;&#x634;&#x62A;&#x627;&#x631; &#x627;&#x644;&#x642;&#x62F;&#x64A;&#x645;&#x629; &#x641;&#x64A; &#x622;&#x634;&#x648;&#x631;/ </subfield>
    <subfield code="c">&#x62A;&#x623;&#x644;&#x64A;&#x641;: &#x641;&#x627;&#x644;&#x62A;&#x631; &#x623;&#x646;&#x62F;&#x631;&#x64A;&#x647;&#x60C; &#x62A;&#x631;&#x62C;&#x645;&#x629;: &#x639;&#x628;&#x62F; &#x627;&#x644;&#x631;&#x632;&#x651;&#x627;&#x642; &#x643;&#x627;&#x645;&#x644; &#x627;&#x644;&#x62D;&#x633;&#x646;&#x60C; &#x645;&#x631;&#x627;&#x62C;&#x639;&#x629; &#x627;&#x644;&#x62A;&#x631;&#x62C;&#x645;&#x629;: &#x62F;. &#x646;&#x648;&#x627;&#x644; &#x62E;&#x648;&#x631;&#x634;&#x64A;&#x62F; &#x633;&#x639;&#x64A;&#x62F;&#x60C; &#x627;&#x644;&#x645;&#x631;&#x627;&#x62C;&#x639;&#x629; &#x627;&#x644;&#x623;&#x62B;&#x631;&#x64A;&#x629;: &#x645;&#x64A;&#x633;&#x631; &#x633;&#x639;&#x64A;&#x62F; &#x627;&#x644;&#x639;&#x631;&#x627;&#x642;&#x64A;</subfield>
  </datafield>
  <datafield tag="260" ind1=" " ind2=" ">
    <subfield code="b"> &#x627;&#x644;&#x645;&#x624;&#x633;&#x633;&#x629; &#x627;&#x644;&#x639;&#x627;&#x645;&#x629; &#x644;&#x644;&#x622;&#x62B;&#x627;&#x631; &#x648; &#x627;&#x644;&#x62A;&#x631;&#x627;&#x62B;&#x60C; &#x648;&#x632;&#x627;&#x631;&#x629; &#x627;&#x644;&#x62B;&#x642;&#x627;&#x641;&#x629; &#x648; &#x627;&#x644;&#x639;&#x644;&#x627;&#x645;&#x60C; &#x627;&#x644;&#x62C;&#x645;&#x647;&#x648;&#x631;&#x64A;&#x629; &#x627;&#x644;&#x639;&#x631;&#x627;&#x642;&#x61B; </subfield>
  </datafield>
  <datafield tag="300" ind1=" " ind2=" ">
    <subfield code="a">215p; </subfield>
    <subfield code="c">30x23cm</subfield>
  </datafield>
  <datafield tag="520" ind1=" " ind2=" ">
    <subfield code="a">Early Ishtar Temples in Ashur/ By Walter Andrae, Translated by Abdul Razzak K. Th. Al Hasan, Translation revision: Dr. Nawal Khurshid Saeed, Archaeological revision: Muyaser Sa'id Al Iraqi. </subfield>
  </datafield>
  <datafield tag="546" ind1=" " ind2=" ">
    <subfield code="a">Arabic</subfield>
  </datafield>
  <datafield tag="648" ind1=" " ind2=" ">
    <subfield code="a">Ancient</subfield>
  </datafield>
  <datafield tag="650" ind1=" " ind2=" ">
    <subfield code="a">CC1-960 Archaeology</subfield>
  </datafield>
  <datafield tag="650" ind1=" " ind2=" ">
    <subfield code="a">Paganism</subfield>
    <subfield code="9">9412</subfield>
  </datafield>
  <datafield tag="651" ind1=" " ind2=" ">
    <subfield code="a">Iraq</subfield>
  </datafield>
  <datafield tag="942" ind1=" " ind2=" ">
    <subfield code="c">BK</subfield>
  </datafield>
  <datafield tag="999" ind1=" " ind2=" ">
    <subfield code="c">6565</subfield>
    <subfield code="d">6565</subfield>
  </datafield>
  <datafield tag="952" ind1=" " ind2=" ">
    <subfield code="0">0</subfield>
    <subfield code="1">0</subfield>
    <subfield code="2">lcc</subfield>
    <subfield code="4">0</subfield>
    <subfield code="7">0</subfield>
    <subfield code="8">C</subfield>
    <subfield code="a">SAFL</subfield>
    <subfield code="b">SAFL</subfield>
    <subfield code="d">2026-06-22</subfield>
    <subfield code="l">0</subfield>
    <subfield code="o">CC1-960 98.642</subfield>
    <subfield code="p">6565</subfield>
    <subfield code="r">2026-06-22</subfield>
    <subfield code="w">2026-06-22</subfield>
    <subfield code="y">BK</subfield>
  </datafield>
</record>
